000 00669nam a22001817a 4500
003 OSt
005 20260311120106.0
008 260311b |||||||| |||| 00| 0 eng d
020 _a9781119811565
040 _cn
082 _a690 A45 2022
100 _aAllen, Edward
245 _aFundamentals of Residential Construction /
_cEdward Allen – Alexander C. Schreyer – Rob Thallon
260 _bHoboken, NJ – John Wiley & Sons – 2022
300 _a832 pages : illustrations ; 28 cm
650 _aResidential buildings — Construction – House construction – Building construction – Sustainable building – Construction management
942 _2ddc
_cBK-EN
_n0
999 _c8625
_d8625